00250nam a22001097a 4500003000400000020001500004082001600019100002000035245004300055260003400098300000800132SGT a019564381X a3012.bT98S aSPEAR, PERCIVAL aTHE NANONS: A STUDY OF THE SOCIAL LIFE bOXFORD UNIVERSITY PRESSc1998 a215